Estadistica aplicada a la administacion y a la economia. (Registro nro. 7833)

Detalles MARC
000 -LEADER
fixed length control field 01952nam a2200217Ia 4500
005 - FECHA Y HORA DE LA ÚLTIMA TRANSACCIÓN
control field 20230417154245.0
008 - FIXED-LENGTH DATA ELEMENTS--GENERAL INFORMATION
fixed length control field 230417s9999 xx 000 0 und d
040 ## - CATALOGING SOURCE
Original cataloging agency UPAN
Transcribing agency Biblioteca San Vicente
Description conventions RCAA2
041 ## - LANGUAGE CODE
Language code of text/sound track or separate title spa
082 ## - DEWEY DECIMAL CLASSIFICATION NUMBER
Classification number 310.1
Item number K396e
100 ## - MAIN ENTRY--PERSONAL NAME
Personal name Kazmier, leonard J.
Relator code aut.
245 #0 - TITLE STATEMENT
Title Estadistica aplicada a la administacion y a la economia.
Statement of responsibility, etc Leonard J. Kazmier
250 ## - EDITION STATEMENT
Edition statement 3° ed.
260 ## - PUBLICATION, DISTRIBUTION, ETC. (IMPRINT)
Place of publication, distribution, etc México:
Name of publisher, distributor, etc McGraw Hill,
Date of publication, distribution, etc 1998
300 ## - PHYSICAL DESCRIPTION
Extent 416 p.:
Dimensions 24 cm.
520 ## - SUMMARY, ETC.
Summary, etc Capitulo 1: Análisis de datos económicos y administrativos<br/>Capitulo 2: Representaciones estadísticas y análisis de graficas<br/>Capitulo 3: Descripción de datos económicos y administrativos: medidas de posición<br/>Capitulo 4: Descripción de datos económicos y administrativos: medidas de variabilidad<br/>Capitulo 5: Probabilidad<br/>Capitulo 6: Distribuciones de probabilidad para variables<br/>Capitulo 7: Distribuciones de probabilidad para variables aleatorias continuas: Normal y exponencial<br/>Capitulo 8: Distribuciones de muestreo e intervalos de confianza para la media<br/>Capitulo 9: Otros intervalos de confianza<br/>Capitulo 10: Pruebas de hipótesis referentes al valor de la media de la población<br/>Capitulo 11: Otras pruebas de hipotesis<br/>Capitulo 12: La prueba JI cuadrada<br/>Capitulo 13: Análisis de varianza<br/>Capitulo 14: Análisis de regresión y correlación lineal<br/>Capitulo 15: Análisis de series de tiempo y pronósticos económicos<br/>Capitulo 16: Regresión y correlación múltiple<br/>Capitulo 17: Números índice para datos económicos y administrativos<br/>Capitulo 18: Análisis de decisión: tablas de pagos y arboles<br/>Capitulo 19: Análisis de decisión: uso de información muestral<br/>Capitulo 20: Control estadístico de procesos <br/>Capitulo 21: Estadística no paramétrica <br/>
650 ## - SUBJECT ADDED ENTRY--TOPICAL TERM
Source of heading or term LEMB
Form subdivision Administración
General subdivision Estadistica
650 ## - SUBJECT ADDED ENTRY--TOPICAL TERM
Source of heading or term LEMB
General subdivision Decisiones estadísticas
650 ## - SUBJECT ADDED ENTRY--TOPICAL TERM
Source of heading or term LEMB
Form subdivision Economía
General subdivision Estadística
942 ## - ADDED ENTRY ELEMENTS (KOHA)
Koha item type Libros
Source of classification or shelving scheme Dewey Decimal Classification
Existencias
Withdrawn status Lost status Source of classification or shelving scheme Damaged status Not for loan Collection code Home library Current library Date acquired Total Checkouts Full call number Barcode Date last seen Price effective from Koha item type Copy number
    Dewey Decimal Classification     Colección General Biblioteca UPAN San Vicente Biblioteca UPAN San Vicente 17/04/2023   310.1 K396e 12000322 17/04/2023 17/04/2023 Libros  
    Dewey Decimal Classification     Colección General Biblioteca UPAN San Vicente Biblioteca UPAN San Vicente 17/04/2023   310.1 K396e 12000323 17/04/2023 17/04/2023 Libros 01